1921 1101 1047 1063 1552 1037 1236 1021 1555 1354 1125 1191 1734 1494 1338 1815 1079 1462 1905 1514 1304 1948 1191 1681 1081 1787 1711 1883 1179 1714 1277 1778 1445 1483 1764 1807 1549 1609 1723 1486 1323 1011 1251 1478 1270 1950 1721 1905 1966 1517 1385 1798 1078 1674 1696 1606 1433 1052 1511 1116 1724 1329 1792 1611 1621 1488 1452 1940 1692 1331 1773 1406 1554 1892 1990 1847 1072 1158 1409 1623 1897 1035 1395 1878 1588 1474 1146 1568 1338 1765 1466 1041 1788 1403 1969 1227 1136 1213 1238 BCNSPRNW ULIB Ver.6.0+V

เปลี่ยนเป็นภาษาไทย

Change to English
 แสดงรายละเอียดบรรณานุกรม
  กลับหน้าหลัก

Brief Record : Get Marc (ISO 2709) : E-mail record : QR code < ปิดหน้าต่าง
LEADER : 00000nam 2200000uu 4500
001    13399121892
003     ULIB
008    121213s2547||||th 000 0 tha d
020    ^a9744220813
060 04 ^aWF658^bน415น 2547
245 00 ^aแนวทางเวชปฏิบัติการวินิจฉัยโรคมะเร็งปอด /^cสำนักพัฒนาวิชาการแพทย์ กรมการแพทย์ กระทรวงสาธารณสุข
250    ^aพิมพ์ครั้งที่ 1
260    ^a[นนทบุรี] :^bสำนัก,^c2547
300    ^a16 หน้า :^bภาพประกอบ ;^c30 ซม.
650  7 ^aปอด, เนื้องอก^xการวินิจฉัย
710 2  ^aกรมการแพทย์. ^bสำนักพัฒนาวิชาการแพทย์
945    ^p0^l0^i13648
945    ^p0^l0^i13649
945    ^p0^l0^i13650
945    ^p0^l0^i13651
995    ^aกัณชพร
999 ^a ใช้งานได้ทุกระบบ
รายการนี้ยังไม่มีแท็ก
คุณยังไม่ได้ล็อกอิน คุณสามารถมีกิจกรรมร่วมกับเว็บไซต์ได้ แต่ต้องล็อกอินก่อน ::
  ล็อกอิน

รายการสื่อสารสนเทศ

ลำดับที่ ประเภท เลขเรียก/บาร์โค้ด สถานที่ สถานะ
1. วิทยาศาสตร์การแพทย์ และสุขภาพ
วิทยาศาสตร์การแพทย์ และสุขภาพ
WF658 น415น 2547  
  Barcode: 13648
ห้องสมุดวิทยาเขตสวรรค์ประชารักษ์
►หนังสือทั่วไป
บนชั้น
2. วิทยาศาสตร์การแพทย์ และสุขภาพ
วิทยาศาสตร์การแพทย์ และสุขภาพ
WF658 น415น 2547 ฉ.2 
  Barcode: 13649
ห้องสมุดวิทยาเขตสวรรค์ประชารักษ์
►หนังสือทั่วไป
บนชั้น
3. วิทยาศาสตร์การแพทย์ และสุขภาพ
วิทยาศาสตร์การแพทย์ และสุขภาพ
WF658 น415น 2547 ฉ.3 
  Barcode: 13650
ห้องสมุดวิทยาเขตสวรรค์ประชารักษ์
►หนังสือทั่วไป
บนชั้น
4. วิทยาศาสตร์การแพทย์ และสุขภาพ
วิทยาศาสตร์การแพทย์ และสุขภาพ
WF658 น415น 2547 ฉ.4 
  Barcode: 13651
ห้องสมุดวิทยาเขตสวรรค์ประชารักษ์
►หนังสือทั่วไป
บนชั้น

BibComment


ยังไม่เคยถูกคอมเมนท์

คอมเมนท์ทรัพยากรรายการนี้
  คอมเมนท์: แนวทางเวชปฏิบัติ..


 Copyright 2026. Bcnsprnw @Library